| 000 | 00889nam a22002177a 4500 | ||
|---|---|---|---|
| 001 | 7896 | ||
| 003 | FISKH | ||
| 005 | 20250813102209.0 | ||
| 008 | 250813b cb ||||| |||| 00| 0 eng d | ||
| 020 | _a9789995001452 | ||
| 040 |
_aFISKH _bkhr _cFISKH _dFISKH |
||
| 050 | _aPZ7 | ||
| 082 | _a500 | ||
| 100 | _aKimsan, Eung | ||
| 245 |
_aវិទ្យាសាស្រ្ត ថ្នាក់ទី ៦ / _cលោកស្រី អុឺង គឺមសាន ,លោក ព្រហ្ម តារិទ្ធ ,លោកស្រី ថាច់ ធីសារ៉ន និងលោក គ្រួច សុខា |
||
| 260 |
_aPhnom Penh : _bគ្រឺះស្ថានបោះពុម្ពនិងចែកផ្សាយ , _c2018. |
||
| 300 |
_a124 pages : _billustrations ; _c25 cm . |
||
| 700 |
_aMary, Khem _eIllustrator |
||
| 942 |
_2ddc _cBK _n0 |
||
| 999 |
_c7896 _d7896 |
||